| 000 | 00836nam a22001817a 4500 | ||
|---|---|---|---|
| 003 | IT-RoPau | ||
| 005 | 20220918181102.0 | ||
| 008 | 130326b xxu||||| |||| 00| 0 eng d | ||
| 040 | _cIT-RoPau | ||
| 100 |
_aSSP Provincia Italia _9502 |
||
| 245 |
_aAtti del XII Capitolo Provinciale _b(Ariccia, 8-19 ottobre 2002) |
||
| 250 | _a1° ed | ||
| 260 |
_aRoma _bSSP Provincia Italia _c2002 |
||
| 300 |
_a78 pp. _c21 cm |
||
| 490 |
_aSan Paolo _vn. 1 - Gennaio 2003 |
||
| 520 | _aIndice Prima parte - Documento Programmatico Aree problematiche Linee programmatiche Seconda parte - Documentazione Linee di orientamento del Superiore Generale Intervento del Superiore Generale Relazione del Superiore Provinciale Messaggi alle Comuniità Terza parte - Contributi al capitolo P. Raniero Cantalamessa P. Pierluigi nava | ||
| 942 |
_2ddc _cBK |
||
| 999 |
_c98289 _d98289 |
||